| 000 | 00653cam a2200217 a 4500 | ||
|---|---|---|---|
| 001 | 000008019 | ||
| 005 | 20200929154409.0 | ||
| 008 | 911106s1991 sp 000 f spa | ||
| 020 | _a8478760733 | ||
| 040 |
_aDO-SdBNP _cDLC |
||
| 082 |
_a863.64 _bG491c |
||
| 100 | 1 |
_aGiménez Bartlett, Alicia, _d1951- _921914 |
|
| 245 | 1 | 3 |
_aEl cuarto corazón / _cAlicia Giménez Bartlett. |
| 260 |
_aBarcelona : _bVersal, _c1991. |
||
| 300 |
_a181 p. ; _c21 cm. |
||
| 490 | 0 |
_aHumorismos Versal _v13 |
|
| 650 | 4 |
_aNovela española _91123 |
|
| 650 | 4 |
_aLiteratura española _9632 |
|
| 830 | 1 |
_aHumorismos Versal ; _v13 _921915 |
|
| 910 | _aCatalogación por copia / LC | ||
| 999 |
_c7796 _d7796 |
||